Guerrilla y población civil. Trayectoria de las FARC 1949-2013 (Record no. 14703)

MARC details
000 -LEADER
campo de control de longitud fija 00447nam a2200133Ia 4500
008 - DATOS DE LONGITUD FIJA--INFORMACIÓN GENERAL
campo de control de longitud fija 231129s2014||||xx |||||||||||||| ||spa||
020 ## - NÚMERO INTERNACIONAL ESTÁNDAR DEL LIBRO
Número Internacional Estándar del Libro 978-958-58167-7-0
082 ## - NÚMERO DE LA CLASIFICACIÓN DECIMAL DEWEY
Número de clasificación 303.66 C397g
100 ## - ENTRADA PRINCIPAL--NOMBRE DE PERSONA
Nombre de persona Centro Nacional de Memoria Histórica
245 #0 - MENCIÓN DEL TÍTULO
Título Guerrilla y población civil. Trayectoria de las FARC 1949-2013
260 ## - PUBLICACIÓN, DISTRIBUCIÓN, ETC.
Fecha de publicación, distribución, etc. 2014
264 ## - PRODUCCIÓN, PUBLICACIÓN, DISTRIBUCIÓN, FABRICACIÓN Y COPYRIGHT
Producción, publicación, distribución, fabricación y copyright Bogotá: Centro Nacional de Memoria Histórica
942 ## - ELEMENTOS DE ENTRADA SECUNDARIOS (KOHA)
Fuente del sistema de clasificación o colocación Clasificación Decimal Dewey
Tipo de ítem Koha
Holdings
Estatus retirado Estado de pérdida Fuente del sistema de clasificación o colocación Estado de daño No para préstamo Biblioteca de origen Biblioteca actual Fecha de adquisición Total de préstamos Signatura topográfica completa Código de barras Visto por última vez Copia número Precio de reemplazo Tipo de ítem Koha Colección Ubicación en estantería
    Clasificación Decimal Dewey     BIBLIOTECA HUGO ANGEL JARAMILLO BIBLIOTECA HUGO ANGEL JARAMILLO 28/07/2025   322.42 C35g1 62149 28/07/2025 Ej. 1 28/07/2025 Libros General Colección general
    Clasificación Decimal Dewey     BIBLIOTECA PÚBLICA MUNICIPAL RAMON CORREA MEJIA BIBLIOTECA PÚBLICA MUNICIPAL RAMON CORREA MEJIA 13/03/2017   303.66 C397g 39361 29/11/2023 1 29/11/2023 Libros    

Powered by Koha